Observations of surface to atmosphere interactions in the tropics / (Record no. 12163)

MARC details
000 -LEADER
fixed length control field 01294cam a2200337 i 4500
001 - CONTROL NUMBER
control field 2127119
003 - CONTROL NUMBER IDENTIFIER
control field EG-ScBUE
005 - DATE AND TIME OF LATEST TRANSACTION
control field 20260119101949.0
008 - FIXED-LENGTH DATA ELEMENTS--GENERAL INFORMATION
fixed length control field 971120s1999 nyua g b 001 0 eng d
020 ## - INTERNATIONAL STANDARD BOOK NUMBER
International Standard Book Number 0195112709 (acidfree paper)
035 ## - SYSTEM CONTROL NUMBER
System control number (DLC) 97044049
040 ## - CATALOGING SOURCE
Original cataloging agency DLC
Language of cataloging eng
Description conventions rda
Transcribing agency DLC
Modifying agency DLC
-- EG-ScBUE
043 ## - GEOGRAPHIC AREA CODE
Geographic area code w------
082 04 - DEWEY DECIMAL CLASSIFICATION NUMBER
Classification number 551.5240913
Edition number 22
Item number GAR
100 1# - MAIN ENTRY--PERSONAL NAME
Personal name Garstang, Michael,
Relator term author.
9 (RLIN) 7404
245 10 - TITLE STATEMENT
Title Observations of surface to atmosphere interactions in the tropics /
Statement of responsibility, etc Michael Garstang, David R. Fitzjarrald.
264 #1 - PUBLICATION, DISTRIBUTION, ETC. (IMPRINT)
Place of publication, distribution, etc New York :
Name of publisher, distributor, etc Oxford University Press,
Date of publication, distribution, etc 1999.
300 ## - PHYSICAL DESCRIPTION
Extent x, 405 pages :
Other physical details illustrations ;
Dimensions 24 cm
336 ## - CONTENT TYPE
Source rdacontent
Content type term text
Content type code txt
337 ## - MEDIA TYPE
Media type term unmediated
Source rdamedia
Media type code n
338 ## - CARRIER TYPE
Carrier type term volume
Carrier type code nc
Source rdacarrier
504 ## - BIBLIOGRAPHY, ETC. NOTE
Bibliography, etc Includes bibliographical references and index.
650 #7 - SUBJECT ADDED ENTRY--TOPICAL TERM
Topical term or geographic name as entry element Solar radiation
Geographic subdivision Tropics.
Source of heading or term BUEsh
9 (RLIN) 7405
650 #7 - SUBJECT ADDED ENTRY--TOPICAL TERM
Topical term or geographic name as entry element Atmosphere.
Source of heading or term BUEsh
9 (RLIN) 7407
650 #7 - SUBJECT ADDED ENTRY--TOPICAL TERM
9 (RLIN) 7406
Topical term or geographic name as entry element Dynamic meteorology.
Source of heading or term BUEsh
655 ## - INDEX TERM--GENRE/FORM
Form subdivision Reading book
700 1# - ADDED ENTRY--PERSONAL NAME
Personal name Fitzjarrald, David Roy,
Relator term author.
9 (RLIN) 7408
856 42 - ELECTRONIC LOCATION AND ACCESS
Materials specified Publisher description
Uniform Resource Identifier <a href="http://www.loc.gov/catdir/enhancements/fy0603/97044049-d.html">http://www.loc.gov/catdir/enhancements/fy0603/97044049-d.html</a>
856 41 - ELECTRONIC LOCATION AND ACCESS
Materials specified Table of contents only
Uniform Resource Identifier <a href="http://www.loc.gov/catdir/enhancements/fy0603/97044049-t.html">http://www.loc.gov/catdir/enhancements/fy0603/97044049-t.html</a>
942 ## - ADDED ENTRY ELEMENTS (KOHA)
Source of classification or shelving scheme Dewey Decimal Classification
Koha item type Book - Borrowing
Holdings
Withdrawn status Lost status Source of classification or shelving scheme Damaged status Not for loan Collection code Home library Current library Shelving location Date acquired Cost, normal purchase price Serial Enumeration / chronology Total Checkouts Full call number Barcode Date last seen Koha item type
    Dewey Decimal Classification     Alahram Central Library Central Library First floor 01/07/2009 370.30 72   551.5240913 GAR 000017261 15/07/2025 Book - Borrowing